Najwyżej położone miasta - Statystyki

Ogólne statystyki
  • Ten quiz został rozwiązany 8 razy
  • Średni wynik to 3 z 20
Statystyki odpowiedzi
Wysokość (m n. p. m.) Odpowiedź % Poprawnych
3 577 La Paz
86%
2 300 Meksyk
57%
2 790 Sucre
57%
2 644 Bogota
43%
2 819 Quito
43%
3 630 Lhasa
29%
3 399 Cuzco
14%
2 162 Puebla
14%
2 362 Addis Abeba
0%
2 304 Arequipa
0%
2 471 Asmara
0%
2 558 Cochabamba
0%
2 140 Manizales
0%
2 426 Pachuca
0%
3 976 Potosi
0%
2 242 Sana
0%
2 132 Santa Fe
0%
2 202 Simla
0%
2 640 Toluca
0%
2 300 Xining
0%
Nie znaleziono quizów pasujących do podanych kryteriów
Rozkład punktacji
Procent ludzi z każdym wynikiem
Percentyl według liczby udzielonych odpowiedzi
Twoja historia wyników
Nie rozwiązałeś tego quizu